000 00858nac a22002291u 4500
010 _a 96011405
020 _a0132587084
082 0 0 _a320.80973
_bDYE
090 _c6798
_d6798
100 _aDye, Thomas R.
245 1 0 _aPolitics in states and communities /
_cThomas R. Dye.
250 _a9th ed.
260 _aUpper Saddle River, N.J. :
_bPrentice Hall,c.1997.
_cc.1997.
300 _axvii, 535 p. :
_bill. (some col.), col. maps ;
_c25 cm.
500 _aDistributer: Al-Ahram.
504 _aIncludes bibliographical references and index.
511 _aCatalogued By: Mahitab.
650 0 _aState governments
_zUnited States.
650 0 _aLocal government
_zUnited States.
942 _cBB
_k320.80973DYE
999 _c6798
_d6798